Hasina yunus and the united states: The power struggle for Bangladesh (Record no. 395033)

MARC details
000 -LEADER
fixed length control field 00563 a2200193 4500
005 - DATE & TIME
control field 20260210143230.0
008 - FIXED-LENGTH DATA ELEMENTS--GENERAL INFORMATION
fixed length control field 260210b |||||||| |||| 00| 0 eng d
020 ## - ISBN
International Standard Book Number 978812641360
Price Rs. 895.00
040 ## - CATALOGING SOURCE
Original cataloging agency VIVEKANANDA LIBRARY
082 ## - DDC NUMBER
Classification number 327.54973
Book Number K527H
100 ## - MAIN ENTRY--PERSONAL NAME
Personal name Khasru, B Z
245 ## - TITLE STATEMENT
Title Hasina yunus and the united states: The power struggle for Bangladesh
260 ## - PUBLICATION, DISTRIBUTION, ETC. (IMPRINT)
Name of publisher, distributor, etc Atlantic Publishers and Distributors
Date of publication, distribution, etc 2025
Place of publication, distribution, etc New Delhi
300 ## - PHYSICAL DESCRIPTION
Pages xix, 276
650 ## - Subject
Subject International Relations
650 ## - Subject
Subject Bangladesh
650 ## - Subject
Subject Political Science
942 ## - ADDED ENTRY ELEMENTS (KOHA)
Koha item type Books
Holdings
Withdrawn status Lost status Source of classification or shelving scheme Damaged status Not for loan Location (home branch) Sublocation or collection (holding branch) Shelving location Date acquired Koha issues (times borrowed) Koha full call number Accession No. Koha date last seen Koha item type
    Dewey Decimal Classification     VIVEKANANDA LIBRARY VIVEKANANDA LIBRARY Vivekananda Library 22/01/2026   327.54973 K527H 444408 22/01/2026 Books
© Designed and Maintained by Vivekananda Library, MDU Rohtak